[Event "Régionale 2:Castelsarrasin-Moissac 3 / "]
[Site "Castelsarrasin"]
[Date "2003.11.16"]
[Round "1.1"]
[White "Roussali, Hélène"]
[Black "Favreau, Maxime"]
[Result "1-0"]
[WhiteElo "1499"]
[BlackElo "1560"]
[EventDate "2003.??.??"]
[PlyCount "57"]

1.e4 c6 2.d4 d5 3.e5 Bf5 4.Nf3 Nd7 5.Nh4 e6 6.Nxf5 exf5 7.Bd3 g6 8.O-O Rc8
9.Be3 c5 10.Bb5 Qb6 11.c4 dxc4 12.Bxd7+ Kd8 13.dxc5 Qxb2 14.Bc6+ Kc7 15.
Qd7+ Kb8 16.Bf3 Rc7 17.Qe8+ Rc8 18.Qxf7 Bxc5 19.Bf4 Ka8 20.Nd2 c3 21.Rab1 
Rf8 22.Qc7 Rb8 23.Rxb2 Bxf2+ 24.Kxf2 cxb2 25.Rb1 Ne7 26.Rxb2 Nd5 27.Bxd5 
Rhc8 28.Bxb7+ Rxb7 29.Qxc8+ 1-0

[Event "Coupe Fédé 65 -2004"]
[Site "?"]
[Date "2003.11.23"]
[Round "3"]
[White "Thimonier, Victor"]
[Black "Gosselin, Vincent"]
[Result "0-1"]
[WhiteElo "1400"]
[BlackElo "1270"]
[EventDate "2003.11.24"]
[PlyCount "124"]

1.d4 Nf6 2.c4 g6 3.Nf3 Bg7 4.Nc3 d6 5.Bf4 O-O 6.e3 Nc6 7.d5 Nb4 8.a3 Na6 
9.Bd3 Nc5 10.b4 Nxd3+ 11.Qxd3 Bf5 12.e4 Nxe4 13.Nxe4 Bxa1 14.Bh6 Bg7 15.
Qe3 Bxe4 16.Bxg7 Kxg7 17.Qd4+ Kg8 18.Qxe4 f5 19.Qe6+ Kh8 20.Ng5 Rf6 21.
Qxf6+ exf6 22.Nf7+ Kg7 23.Nxd8 Rxd8 24.Kd2 Rd7 25.Re1 c6 26.dxc6 bxc6 27.
Re3 f4 28.Re4 g5 29.Rd4 h5 30.c5 d5 31.g3 f3 32.Ke3 g4 33.Kf4 Kg6 34.Rd3 
f5 35.Ke5 Kg5 36.Ke6 Rd8 37.Ke7 Rh8 38.Kd7 Rh6 39.a4 h4 40.b5 hxg3 41.hxg3
cxb5 42.c6 Rh7+ 43.Kd6 bxa4 44.c7 Rxc7 45.Kxc7 f4 46.gxf4+ Kxf4 47.Rd4+ 
Ke5 48.Rxg4 a3 49.Rg1 d4 50.Rg5+ Ke4 51.Rg4+ Kd3 52.Rg1 Ke2 53.Ra1 d3 54.
Ra2+ d2 55.Kb7 Ke1 56.Ra1+ d1=Q 57.Rxa3 Kxf2 58.Kxa7 Qb1 59.Ka6 Kg2 60.Ka5
f2 61.Ka4 f1=Q 62.Rb3 Qf4+ 0-1

[Event "Coupe Fédé 65 -2004"]
[Site "?"]
[Date "2003.11.23"]
[Round "3"]
[White "Thet, Sylvain"]
[Black "Susini, Yannick"]
[Result "1-0"]
[WhiteElo "1399"]
[BlackElo "1300"]
[EventDate "2003.11.24"]
[PlyCount "103"]

1.e4 e5 2.Nf3 Nf6 3.Nxe5 d6 4.Nf3 Nxe4 5.Qe2 d5 6.d3 Qe7 7.dxe4 dxe4 8.
Nfd2 g6 9.Qxe4 Qxe4+ 10.Nxe4 Bg7 11.c3 O-O 12.Bf4 Re8 13.Nd2 Bf5 14.Bd3 
Nc6 15.Bxc7 Rac8 16.Bf4 Rcd8 17.Bb1 Ne5 18.Bxe5 Rxe5 19.O-O Bh6 20.Nf3 Re7
21.Ng3 Bg4 22.Nh4 Rd2 23.h3 Bf4 24.hxg4 Bxg3 25.fxg3 Ree2 26.Nf3 Rxg2+ 27.
Kh1 Rxb2 28.Be4 Rxg3 29.Rfb1 Re2 30.Bxb7 Rxg4 31.Rb4 Rg5 32.Nxg5 Re7 33.
Re4 Rxb7 34.Rae1 Rb5 35.Re5 Rb2 36.R1e2 Rb1+ 37.Kg2 Rc1 38.Re8+ Kg7 39.Rc8
h5 40.Rf2 f5 41.c4 Kh6 42.Nf3 Rb1 43.c5 Rc1 44.c6 g5 45.c7 g4 46.Nh2 Kg5 
47.Rg8+ Kh4 48.c8=Q Rxc8 49.Rxc8 a5 50.Rc5 a4 51.Rfxf5 a3 52.Rxh5# 1-0

[Event "Coupe Fédé 65 -2004"]
[Site "?"]
[Date "2003.11.23"]
[Round "3"]
[White "Teil, Benjamin"]
[Black "Labat, Axel"]
[Result "1/2-1/2"]
[WhiteElo "1099"]
[BlackElo "1010"]
[EventDate "2003.11.24"]
[PlyCount "74"]

1.Nf3 e6 2.e4 Nc6 3.Bc4 e5 4.O-O Bc5 5.Nc3 Bd4 6.d3 Nb4 7.a3 Bxc3 8.bxc3 
Nc6 9.d4 Nf6 10.Re1 Ng4 11.h3 Nf6 12.g4 O-O 13.g5 Nh5 14.Nxe5 Nxe5 15.dxe5
Re8 16.Qxh5 Rxe5 17.f3 g6 18.Qh6 Rc5 19.Bd3 f6 20.gxf6 Qxf6 21.Bg5 Qxf3 
22.Be3 Rh5 23.Qf4 Qxh3 24.Be2 Qh1+ 25.Kf2 Qh4+ 26.Kf1 Qh3+ 27.Kf2 Rf5 28.
Qf3 Rxf3+ 29.Bxf3 Qh4+ 30.Ke2 Qh2+ 31.Bf2 Qf4 32.Be3 Qe5 33.Rh1 h5 34.Rag1
Qb5+ 35.Kd2 Qa5 {36...Qxa3 37.Bd1 Qa2 ..... (67 coups)} 1/2-1/2

[Event "Coupe Fédé 65 -2004"]
[Site "?"]
[Date "2003.11.23"]
[Round "3"]
[White "Reignier, Frank"]
[Black "Teil, Alexandre"]
[Result "1-0"]
[WhiteElo "1110"]
[BlackElo "1099"]
[EventDate "2003.11.24"]
[PlyCount "43"]

1.d4 Nf6 2.Nf3 Nc6 3.g3 d5 4.Bg2 Bg4 5.O-O e6 6.Re1 Bb4 7.Bd2 O-O 8.e4 
dxe4 9.d5 exf3 10.Bxf3 Qxd5 11.Re3 Ne5 12.Bxd5 Bxd1 13.Bxb4 exd5 14.Bxf8 
Rxf8 15.Rxe5 Bxc2 16.Na3 Be4 17.Rc1 Re8 18.Rxe8+ Nxe8 19.Nb5 a6 20.Na7 d4 
21.Re1 Bd5 22.Rxe8# 1-0

[Event "Coupe Fédé 65 -2004"]
[Site "?"]
[Date "2003.11.23"]
[Round "3"]
[White "Lavole, Olivier"]
[Black "David, Philippe"]
[Result "1-0"]
[WhiteElo "1600"]
[BlackElo "1499"]
[EventDate "2003.11.24"]
[PlyCount "103"]

1.e4 d5 2.exd5 Nf6 3.c4 c6 4.Nc3 cxd5 5.cxd5 e6 6.dxe6 Bxe6 7.Qa4+ Bd7 8.
Qb3 Nc6 9.Nf3 Qb6 10.Qxb6 axb6 11.a3 Be7 12.d4 O-O 13.Bc4 Nxd4 14.Nxd4 Bc5
15.Nce2 Rfe8 16.O-O Bxd4 17.Nxd4 Re4 18.Be3 Rc8 19.Bd3 Rh4 20.Nf3 Rh5 21.
Rac1 Nd5 22.Rxc8+ Bxc8 23.Bd2 Bf5 24.Bc4 Be4 25.Be2 Rf5 26.Rc1 h6 27.Nd4 
Re5 28.f3 Bf5 29.f4 Rxe2 30.Nxe2 Bg4 31.Kf2 Nf6 32.Rc4 Bf5 33.h3 Ne4+ 34.
Ke3 Nd6 35.Rd4 Nb5 36.Rd8+ Kh7 37.g4 Be6 38.Nd4 Nxd4 39.Rxd4 f6 40.Rd6 Bb3
41.Rxb6 Bd5 42.h4 g6 43.Rxf6 Kg7 44.Rd6 Bf7 45.Rd7 b6 46.Rb7 g5 47.hxg5 
hxg5 48.f5 b5 49.Bc3+ Kf8 50.f6 Bg6 51.Rxb5 Be8 52.Rxg5 1-0

[Event "Coupe Fédé 65 -2004"]
[Site "?"]
[Date "2003.11.23"]
[Round "3"]
[White "Latorre, Rene"]
[Black "Prieur, Axel"]
[Result "0-1"]
[WhiteElo "1499"]
[BlackElo "1550"]
[EventDate "2003.11.24"]
[PlyCount "49"]

1.e4 e5 2.Nf3 Nc6 3.Bc4 Bc5 4.c3 Nf6 5.h3 Nxe4 6.O-O Bxf2+ 7.Rxf2 Nxf2 8.
Kxf2 d5 9.Bb5 e4 10.Ne5 Qf6+ 11.Kg1 Qxe5 12.b4 Bd7 13.Bxc6 Bxc6 14.Bb2 O-O
15.d4 Qg3 16.Nd2 Bd7 17.Nf1 Qg6 18.Qe2 Bxh3 19.Re1 Bg4 20.Qe3 f5 21.Qd2 f4
22.Nh2 f3 23.Rf1 Rae8 24.gxf3 Bh3+ 25.Ng4 0-1

[Event "Coupe Fédé 65 -2004"]
[Site "?"]
[Date "2003.11.23"]
[Round "3"]
[White "Labat, Thierry"]
[Black "Labarthe, Francois"]
[Result "0-1"]
[WhiteElo "1499"]
[BlackElo "1499"]
[EventDate "2003.11.24"]
[PlyCount "108"]

1.e4 e5 2.Nf3 Nc6 3.d4 exd4 4.c3 dxc3 5.Nxc3 Nf6 6.Bc4 d6 7.Bb5 Bd7 8.Bg5 
Be7 9.O-O O-O 10.Re1 a6 11.Bxc6 Bxc6 12.e5 Bxf3 13.Qxf3 Nd7 14.Bxe7 Qxe7 
15.Nd5 Qd8 16.exd6 cxd6 17.Re7 Ne5 18.Qb3 b5 19.Rc1 Nc4 20.Qg3 Kh8 21.f4 
Rc8 22.Re2 Nb6 23.Rxc8 Nxc8 24.f5 Nb6 25.Nf4 g6 26.fxg6 fxg6 27.Ne6 Qe7 
28.Qc3+ Kg8 29.Qb3 Nc4 30.Qc3 Rf6 31.Nd4 Qf7 32.Nf3 Ne5 33.Qc8+ Kg7 34.Rf2
Nd3 35.Rf1 Nxb2 36.Qc3 Nc4 37.Ng5 Qe7 38.Re1 Ne5 39.Kh1 h6 40.Nf3 Qe6 41.
h3 Qd5 42.Rf1 g5 43.Nxe5 Rxf1+ 44.Kh2 Qxe5+ 45.Qg3 Qxg3+ 46.Kxg3 d5 47.Kh2
d4 48.g4 d3 49.Kg2 Rf8 50.a4 bxa4 51.Kg3 d2 52.Kh2 d1=Q 53.Kg2 Qf1+ 54.Kg3
Qf2# 0-1

[Event "Coupe Fédé 65 -2004"]
[Site "?"]
[Date "2003.11.23"]
[Round "3"]
[White "Cordier, Quentin"]
[Black "Labat, Jory"]
[Result "0-1"]
[WhiteElo "1170"]
[BlackElo "1240"]
[EventDate "2003.11.24"]
[PlyCount "44"]

1.f4 d5 2.Nf3 c5 3.b3 g6 4.Bb2 d4 5.e3 Bg7 6.Bc4 Nc6 7.d3 Bg4 8.Bb5 Qd7 9.
Nbd2 a6 10.Bxc6 Qxc6 11.h3 Bxf3 12.Nxf3 e6 13.exd4 Ne7 14.Qd2 Nf5 15.O-O-O
cxd4 16.Ne5 Bxe5 17.fxe5 O-O 18.g4 Ne3 19.Rde1 Rac8 20.Re2 Qxh1+ 21.Re1 
Rxc2+ 22.Qxc2 Qxe1+ 0-1

[Event "Coupe Fede 65 -2004"]
[Site "?"]
[Date "2003.11.23"]
[Round "3"]
[White "Durand, Stephane"]
[Black "Bildstein, Gerard"]
[Result "1-0"]
[WhiteElo "1550"]
[BlackElo "1590"]
[EventDate "2003.11.23"]
[PlyCount "112"]

1.e4 d5 2.e5 c5 3.c3 Nc6 4.d4 cxd4 5.cxd4 Qb6 6.Nf3 Bg4 7.Be2 e6 8.Qa4 
Bxf3 9.Bxf3 Qxd4 10.Qxd4 Nxd4 11.Bd1 Rc8 12.Nc3 Bb4 13.Bd2 Ne7 14.O-O O-O 
15.a3 Bxc3 16.Bxc3 Ndc6 17.Re1 Rfd8 18.b4 d4 19.Bd2 Rd5 20.f4 Nf5 21.Rc1 
Nce7 22.Rxc8+ Nxc8 23.Bb3 Rd8 24.Rc1 Nb6 25.Rc7 Rd7 26.Rxd7 Nxd7 27.Bc4 
Nb6 28.Bb3 Ne7 29.a4 Nbd5 30.Kf2 a6 31.Ke2 f6 32.Kd3 fxe5 33.fxe5 Kf7 34.
Kxd4 Nc6+ 35.Ke4 Ndxb4 36.Bc3 a5 37.g4 g5 38.Be1 h6 39.h4 Nd8 40.hxg5 hxg5
41.Bd2 Kg6 42.Bc3 Nbc6 43.Kd3 Nf7 44.Bxe6 Nfxe5+ 45.Ke4 Kf6 46.Bd5 Ke7 47.
Bxe5 Nxe5 48.Kxe5 b6 49.Kf5 Kf8 50.Kxg5 Kg7 51.Kf5 Kf8 52.g5 Kg7 53.Bc4 
Kf8 54.g6 Kg7 55.Kg5 b5 56.axb5 a4 1-0

[Event "Coupe Fede 65 -2004"]
[Site "?"]
[Date "2003.11.23"]
[Round "3"]
[White "Condeminas, Christian"]
[Black "Carassus, Jean-Louis"]
[Result "0-1"]
[WhiteElo "1570"]
[BlackElo "1670"]
[EventDate "2003.11.23"]
[PlyCount "134"]

1.e4 c5 2.c3 Nc6 3.d4 cxd4 4.cxd4 Nf6 5.e5 Nd5 6.Bc4 Nb6 7.Bb3 d5 8.exd6 
Qxd6 9.Nf3 Bg4 10.Bxf7+ Kxf7 11.Ng5+ Kg6 12.Qxg4 Qxd4 13.Qe6+ Qf6 14.Qe4+ 
Qf5 15.Nc3 e5 16.h4 Bb4 17.Qxf5+ Kxf5 18.Bd2 Nc4 19.O-O-O h6 20.Nge4 Rhd8 
21.Rh3 Nd4 22.g4+ Ke6 23.Rd3 Rac8 24.Be3 Nxe3 25.fxe3 Ne2+ 26.Kc2 Rxd3 27.
Rxd3 Nxc3 28.Nxc3 Be7 29.h5 b5 30.Kd2 b4 31.Nd5 Rc4 32.e4 Bg5+ 33.Ne3 Rxe4
34.Ke2 a5 35.Kf3 Rf4+ 36.Ke2 Re4 37.Kf3 Rd4 38.Rxd4 exd4 39.Nf5 d3 40.b3 
d2 41.Ke2 Kf6 42.Kd1 g6 43.hxg6 Kxg6 44.Ng3 Kf6 45.Ne4+ Ke5 46.Nc5 Be3 47.
Nb7 Bb6 48.Kxd2 Kf4 49.Nd6 Kxg4 50.Nc4 Bc7 51.Ke2 h5 52.Kf2 h4 53.Ne3+ Kh3
54.Kf3 Kh2 55.Ng4+ Kg1 56.Nf2 Kf1 57.Nh3 Ke1 58.Kg4 Bd8 59.Nf4 Kd2 60.Ne6 
Be7 61.Nd4 Bc5 62.Nc6 Bb6 63.Kxh4 Kc3 64.Ne5 Kb2 65.Nc4+ Kxa2 66.Nxb6 Kxb3
67.Kg3 a4 0-1

[Event "Coupe Fede 65 -2004"]
[Site "?"]
[Date "2003.11.23"]
[Round "3"]
[White "Baumgartner, Georges"]
[Black "Ponsolle, Rene"]
[Result "1-0"]
[WhiteElo "1580"]
[BlackElo "1510"]
[EventDate "2003.11.23"]
[PlyCount "116"]

1.e4 d5 2.e5 Bf5 3.d4 e6 4.Nd2 Nd7 5.Ngf3 Nb6 6.c3 Be7 7.Be2 c5 8.Bb5+ Nd7
9.Qa4 a6 10.Bxd7+ Qxd7 11.Qxd7+ Kxd7 12.h3 h5 13.Nf1 c4 14.Ng3 Bd3 15.Ng5 
Bxg5 16.Bxg5 Ne7 17.Bxe7 Kxe7 18.f4 g6 19.Kd2 h4 20.Ne2 Rh7 21.Ng1 Be4 22.
Rh2 Rg8 23.Nf3 Bxf3 24.gxf3 Rhg7 25.Rg1 f6 26.Rhg2 Kf7 27.exf6 Kxf6 28.Rg5
b5 29.R1g4 Rh8 30.Rg1 Rh5 31.b4 Rxg5 32.fxg5+ Ke7 33.Ke3 Kd6 34.Rg4 Rh7 
35.Rf4 Rh5 36.Rg4 Rh7 37.f4 Ke7 38.Kd2 Kd6 39.Kc2 Kd7 40.a3 Kd6 41.Rg1 Rf7
42.Rg4 Rh7 43.Kd2 Ke7 44.Ke3 Kd6 45.Rg1 Kd7 46.a4 Kc6 47.axb5+ axb5 48.Ra1
Kb6 49.Kf3 Ra7 50.Rxa7 Kxa7 51.Kg4 Kb7 52.Kxh4 Kc7 53.Kg4 Kd7 54.h4 Ke7 
55.h5 gxh5+ 56.Kxh5 Kf7 57.Kh6 Kg8 58.Kg6 Kf8 1-0

[Event "Coupe Fede 65 -2004"]
[Site "?"]
[Date "2003.11.23"]
[Round "3"]
[White "Aznar, Georges"]
[Black "Cordier, Michel"]
[Result "0-1"]
[WhiteElo "1500"]
[BlackElo "1450"]
[EventDate "2003.11.23"]
[PlyCount "119"]

1.d4 e6 2.Nf3 Nf6 3.a3 c5 4.dxc5 Bxc5 5.b4 Be7 6.e3 O-O 7.Bd3 h6 8.O-O d5 
9.Bb2 a6 10.Nc3 Nc6 11.Ne2 Bd6 12.Ned4 Bd7 13.c4 dxc4 14.Bxc4 Nxd4 15.Bxd4
Bc6 16.Bxf6 gxf6 17.Qd4 f5 18.Be2 Be7 19.Qf4 Bg5 20.Qg3 Kh7 21.Rfd1 Qe7 
22.Bd3 Rg8 23.Qh3 Bf6 24.Rab1 Rg6 25.Nh4 Bxh4 26.g3 Bf6 27.g4 Kg7 28.Kf1 
Rd8 29.Ke2 Rxg4 30.Rg1 Rxg1 31.Rxg1+ Kh7 32.Rg4 Rg8 33.Qg3 Rxg4 34.Qxg4 
Be4 35.Qg1 Bxd3+ 36.Kxd3 Qd6+ 37.Ke2 Qd5 38.Qc1 Qc6 39.Qd1 Qd5 40.Qc2 Qc6 
41.Qd3 Qd5 42.Qc2 Qb5+ 43.Ke1 Qc6 44.Qb3 Bc3+ 45.Ke2 Qb5+ 46.Kf3 Qd5+ 47.
Qxd5 exd5 48.Kf4 Kg6 49.f3 Kf6 50.Kg3 Bb2 51.a4 Bc3 52.b5 axb5 53.axb5 Bd2
54.Kf2 f4 55.exf4 Bxf4 56.h3 Ke5 57.Ke2 Kd4 58.h4 Kc3 59.h5 Kc2 60.Kf1 {
.... (62 coups)} 0-1

[Event "Coupe Fede 65 -2004"]
[Site "?"]
[Date "2003.11.23"]
[Round "2"]
[White "Teil, Alexandre"]
[Black "Durand, Stephane"]
[Result "0-1"]
[WhiteElo "1099"]
[BlackElo "1550"]
[EventDate "2003.11.23"]
[PlyCount "62"]

1.Nf3 d6 2.e4 e5 3.Bb5+ Bd7 4.Bc4 Bg4 5.h3 Bh5 6.d3 Be7 7.Bb5+ c6 8.Ba4 
Qb6 9.Nc3 Nd7 10.Be3 Qxb2 11.Kd2 Qb4 12.g4 Bg6 13.Rb1 Qa5 14.h4 h5 15.gxh5
Bxh5 16.Rh3 Ngf6 17.a3 b5 18.Bb3 d5 19.exd5 cxd5 20.Bg5 d4 21.Bxf6 Nxf6 
22.Kc1 dxc3 23.Qe1 Qxa3+ 24.Kd1 Qc5 25.Kc1 Ng4 26.Rg3 O-O 27.Ra1 Bd6 28.
Ra5 Nxf2 29.Qg1 g6 30.Ba4 Qa3+ 31.Kb1 Qb2# 0-1

[Event "Coupe Fede 65 -2004"]
[Site "?"]
[Date "2003.11.23"]
[Round "2"]
[White "Reignier, Frank"]
[Black "Gosselin, Vincent"]
[Result "0-1"]
[WhiteElo "1110"]
[BlackElo "1270"]
[EventDate "2003.11.23"]
[PlyCount "68"]

1.d4 Nf6 2.Nf3 g6 3.g3 Bg7 4.Bg2 O-O 5.O-O d6 6.Re1 Nc6 7.Nc3 Bf5 8.d5 Nb4
9.Nd4 Qd7 10.a3 Na6 11.e4 Bh3 12.Qf3 Nc5 13.e5 Bg4 14.e6 fxe6 15.dxe6 Nxe6
16.Qe3 Nxd4 17.Qxd4 Rae8 18.Qxa7 c6 19.Bf4 e5 20.Bg5 d5 21.Rad1 Bxd1 22.
Rxd1 Ng4 23.Ne4 Qf5 24.h3 dxe4 25.hxg4 Qxg5 26.Rd7 Re7 27.Qxb7 Rxd7 28.
Qxd7 e3 29.Bf1 exf2+ 30.Kg2 Qe3 31.Qe6+ Kh8 32.Qxc6 e4 33.b4 Qf3+ 34.Kh3 
Qh1# 0-1

[Event "Coupe Fede 65 -2004"]
[Site "?"]
[Date "2003.11.23"]
[Round "2"]
[White "Prieur, Axel"]
[Black "Baumgartner, Georges"]
[Result "0-1"]
[WhiteElo "1550"]
[BlackElo "1580"]
[EventDate "2003.11.23"]
[PlyCount "60"]

1.e4 e5 2.Nf3 Nc6 3.Bb5 a6 4.Ba4 Nf6 5.O-O b5 6.Bb3 Bc5 7.Re1 O-O 8.c3 d6 
9.d4 Bb6 10.dxe5 Nxe5 11.Nxe5 dxe5 12.Qxd8 Rxd8 13.Be3 c5 14.f3 Rb8 15.Bc2
Be6 16.a4 b4 17.cxb4 cxb4 18.Bxb6 Rxb6 19.Re2 b3 20.Nc3 bxc2 21.Rxc2 Bb3 
22.Rf2 Rbd6 23.Ra3 Be6 24.b4 Rd3 25.Rb2 Nh5 26.b5 axb5 27.axb5 Nf4 28.b6 
Ne2+ 29.Kf2 Nxc3 30.Rb4 Nd1+ 0-1

[Event "Coupe Fede 65 -2004"]
[Site "?"]
[Date "2003.11.23"]
[Round "2"]
[White "Ponsolle, Rene"]
[Black "Thet, Sylvain"]
[Result "1-0"]
[WhiteElo "1510"]
[BlackElo "1399"]
[EventDate "2003.11.23"]
[PlyCount "121"]

1.e4 e5 2.Nf3 Nc6 3.Bb5 a6 4.Ba4 Nf6 5.d3 h6 6.O-O Bc5 7.Bxc6 dxc6 8.Nxe5 
O-O 9.Be3 Bd6 10.Nc4 Ng4 11.Nxd6 Qxd6 12.g3 Nxe3 13.fxe3 Bh3 14.Rf2 Qb4 
15.c3 Qb6 16.Qd2 Rad8 17.Na3 Rd7 18.Nc4 Qc5 19.b4 Qa7 20.Ne5 Re7 21.Nf3 
Rd8 22.Nh4 Red7 23.d4 Re8 24.e5 a5 25.Qc2 axb4 26.cxb4 Qa3 27.Re1 Be6 28.
Qb2 Ra8 29.Kg2 Qxa2 30.h3 Qd5+ 31.Kh2 Qb5 32.g4 Ra4 33.Ra1 Rd8 34.Rxa4 
Qxa4 35.Nf5 Ra8 36.Qc3 Qa1 37.Qc5 Bxf5 38.gxf5 Qe1 39.Kg2 Qxe3 40.e6 Qg5+ 
41.Kh2 fxe6 42.fxe6 Qxc5 43.dxc5 Re8 44.Re2 b6 45.Kg3 Kh7 46.Kg4 g6 47.Kf4
Kg7 48.Ke5 h5 49.Rf2 Re7 50.h4 b5 51.Rf3 Kg8 52.Rf4 Kg7 53.Rf6 g5 54.hxg5 
Kg8 55.Rh6 Rg7 56.Kf6 h4 57.Rxh4 Kf8 58.Rh8+ Rg8 59.Rxg8+ Kxg8 60.e7 Kh7 
61.Ke6 1-0

[Event "Coupe Fede 65 -2004"]
[Site "?"]
[Date "2003.11.23"]
[Round "2"]
[White "Latorre, Rene"]
[Black "Susini, Yannick"]
[Result "1/2-1/2"]
[WhiteElo "1499"]
[BlackElo "1300"]
[EventDate "2003.11.23"]
[PlyCount "110"]

1.e4 e5 2.Nf3 Nc6 3.Bc4 Bc5 4.c3 d6 5.h3 Nf6 6.d4 exd4 7.cxd4 Bb4+ 8.Nc3 
Nxe4 9.O-O Nxc3 10.Qe1+ Qe7 11.Ng5 Qxe1 12.Rxe1+ Ne7 13.Nxf7 Rf8 14.Bg5 
Nd5 15.Bxd5 Bxe1 16.Rxe1 Rxf7 17.Bxf7+ Kxf7 18.Rxe7+ Kf8 19.Rxc7 b6 20.
Be7+ Kf7 21.Bxd6+ Ke6 22.Be5 a5 23.Bxg7 Kd5 24.f4 Ke4 25.Be5 Be6 26.b3 b5 
27.g4 a4 28.Rc6 axb3 29.axb3 Bxb3 30.Rc1 b4 31.f5 Ba2 32.f6 b3 33.Re1+ Kd5
34.f7 b2 35.Bg7 b1=Q 36.Rxb1 Bxb1 37.f8=Q Rxf8 38.Bxf8 Kxd4 39.Kf2 Ke4 40.
Kg3 Ke5 41.h4 Kf6 42.Kf4 Kg6 43.h5+ Kf7 44.Bc5 Kg7 45.Be3 Ba2 46.Kg5 Be6 
47.Bd4+ Kg8 48.Kf4 Bf7 49.h6 Be8 50.g5 Kf7 51.Bf6 Kg6 52.Ke5 Bf7 53.Kd6 
Be8 54.Ke7 Bf7 55.Kf8 Ba2 1/2-1/2

[Event "Coupe Fede 65 -2004"]
[Site "?"]
[Date "2003.11.23"]
[Round "2"]
[White "Labat, Thierry"]
[Black "David, Philippe"]
[Result "0-1"]
[WhiteElo "1499"]
[BlackElo "1499"]
[EventDate "2003.11.23"]
[PlyCount "63"]

1.e4 d5 2.Nc3 d4 3.Nd5 e6 4.Nf4 Bd6 5.d3 e5 6.Nd5 Nf6 7.Bg5 Be6 8.Bxf6 
gxf6 9.Ne2 c6 10.Qd2 cxd5 11.exd5 Bxd5 12.Qh6 Bf8 13.Qd2 Qb6 14.a3 Qxb2 
15.Qc1 Qxc1+ 16.Rxc1 Bxa3 17.Rb1 a5 18.Ng3 Bb4+ 19.Kd1 Nc6 20.Nf5 a4 21.
Be2 a3 22.Nd6+ Bxd6 23.Bf3 Bxf3+ 24.gxf3 Bb4 25.Ke2 a2 26.Rbc1 Bc3 27.f4 
a1=Q 28.Rb1 Qa6 29.fxe5 fxe5 30.f4 exf4 31.Kf3 O-O-O 32.Rhe1 0-1

[Event "Coupe Fede 65 -2004"]
[Site "?"]
[Date "2003.11.23"]
[Round "2"]
[White "Labat, Jory"]
[Black "Aznar, Georges"]
[Result "0-1"]
[WhiteElo "1240"]
[BlackElo "1500"]
[EventDate "2003.11.23"]
[PlyCount "100"]

1.d4 d5 2.c4 dxc4 3.e4 e6 4.Bxc4 Nc6 5.Nf3 Nf6 6.Nc3 Bb4 7.e5 Ne4 8.Bd2 
Nxc3 9.Bxc3 a6 10.Bxb4 Nxb4 11.O-O b5 12.Qb3 Nc6 13.Bd3 Nxd4 14.Nxd4 Qxd4 
15.Rfe1 Bb7 16.Rad1 Qg4 17.f3 Bxf3 18.Rd2 O-O 19.Bf1 Qg5 20.Rd7 Bd5 21.Qc2
c6 22.g3 h5 23.Bg2 Rad8 24.Rxd8 Rxd8 25.Bxd5 cxd5 26.Qc6 h4 27.Kg2 Qd2+ 
28.Kf1 Qxh2 29.gxh4 Qxh4 30.Qxa6 g5 31.Qxb5 g4 32.Re2 Qh1+ 33.Kf2 Rc8 34.
Qd3 Qh2+ 35.Ke3 Qxe5+ 36.Kf2 Qh2+ 37.Ke3 Qg1+ 38.Rf2 g3 39.Qf1 gxf2 40.
Qxf2 d4+ 41.Kf3 Qh1+ 42.Ke2 Rc2+ 43.Kd3 Rxf2 44.b4 Qd1+ 45.Kc4 Rc2+ 46.Kb5
Qd3+ 47.Kb6 Rxa2 48.Kc6 Qc4+ 49.Kd7 Ra7+ 50.Kd6 Qd5# 0-1

[Event "Coupe Fede 65 -2004"]
[Site "?"]
[Date "2003.11.23"]
[Round "2"]
[White "Labarthe, Francois"]
[Black "Condeminas, Christian"]
[Result "0-1"]
[WhiteElo "1499"]
[BlackElo "1570"]
[EventDate "2003.11.23"]
[PlyCount "70"]

1.e4 e6 2.d4 d5 3.e5 c5 4.c3 Nc6 5.Nf3 Qb6 6.a3 f6 7.b4 cxd4 8.cxd4 fxe5 
9.Nxe5 Qxd4 10.Qh5+ g6 11.Nxg6 Qe4+ 12.Be3 Qxg6 13.Qf3 Bg7 14.Bc5 Nge7 15.
Nc3 Qf6 16.Qxf6 Bxf6 17.Rc1 Bxc3+ 18.Rxc3 a6 19.Be2 Nf5 20.Bh5+ Kd8 21.
Bb6+ Kd7 22.O-O Kd6 23.Re1 Bd7 24.Bf7 Rhf8 25.Bc5+ Kc7 26.Bxf8 Rxf8 27.
Bxe6 Re8 28.Rh3 Rxe6 29.Rxe6 Bxe6 30.Rxh7+ Kb6 31.g4 Nfe7 32.g5 d4 33.Rh6 
Bf5 34.Rd6 d3 35.f3 Kc7 0-1

[Event "Coupe Fede 65 -2004"]
[Site "?"]
[Date "2003.11.23"]
[Round "2"]
[White "Cordier, Quentin"]
[Black "Labat, Axel"]
[Result "1-0"]
[WhiteElo "1170"]
[BlackElo "1010"]
[EventDate "2003.11.23"]
[PlyCount "65"]

1.f4 Nc6 2.Nf3 e6 3.b3 Qf6 4.Nc3 e5 5.fxe5 Nxe5 6.Bb2 Nxf3+ 7.exf3 Qe5+ 8.
Qe2 d6 9.Qxe5+ dxe5 10.Nb5 Bf5 11.Nxc7+ Kd7 12.Nxa8 Be7 13.O-O-O Nf6 14.
Bxe5 Rxa8 15.Bc4 Bd6 16.Bxd6 Kxd6 17.Bxf7 Rf8 18.Bc4 Be6 19.Bxe6 Kxe6 20.
Rde1+ Kf7 21.g4 Re8 22.Rxe8 Nxe8 23.h4 Nf6 24.Kd1 Nd5 25.Ke2 Nf4+ 26.Ke3 
Ng2+ 27.Ke4 Ke6 28.f4 Kd6 29.Kf3 g5 30.Kxg2 gxf4 31.Kf3 Ke5 32.Re1+ Kf6 
33.Kxf4 {...... 40 (?) coups} 1-0

[Event "Coupe Fede 65 -2004"]
[Site "?"]
[Date "2003.11.23"]
[Round "2"]
[White "Cordier, Michel"]
[Black "Teil, Benjamin"]
[Result "1-0"]
[WhiteElo "1450"]
[BlackElo "1099"]
[EventDate "2003.11.23"]
[PlyCount "67"]

1.Nf3 e6 2.c4 f6 3.d4 Bb4+ 4.Bd2 Nc6 5.e3 b6 6.Be2 a6 7.a3 Ba5 8.b4 Nxb4 
9.axb4 Bxb4 10.Bxb4 a5 11.Ba3 d5 12.O-O c6 13.cxd5 cxd5 14.Bb5+ Kf7 15.Nc3
g6 16.Rc1 h6 17.Na4 g5 18.Rc6 Ne7 19.Rxb6 h5 20.Rd6 Qc7 21.Qd2 Nf5 22.Rc6 
Qb7 23.Qd3 Bd7 24.Rc5 g4 25.Nd2 Rab8 26.Bxd7 Qxd7 27.Rfc1 Qxa4 28.Rc7+ Kg6
29.R1c6 e5 30.dxe5 Rb3 31.Rxf6+ Kg5 32.Qxf5+ Kh4 33.Be7 Rg8 34.Rg6# 1-0

[Event "Coupe Fede 65 -2004"]
[Site "?"]
[Date "2003.11.23"]
[Round "2"]
[White "Carassus, Jean-Louis"]
[Black "Lavole, Olivier"]
[Result "1-0"]
[WhiteElo "1670"]
[BlackElo "1600"]
[EventDate "2003.11.23"]
[PlyCount "75"]

1.e4 c5 2.Nc3 a6 3.Nf3 Nc6 4.d4 cxd4 5.Nxd4 e6 6.a3 Nf6 7.Bg5 Be7 8.Nxc6 
bxc6 9.Qd2 O-O 10.Bd3 Qa5 11.b4 Bxb4 12.axb4 Qxa1+ 13.Nd1 Bb7 14.O-O Qe5 
15.f4 Qd4+ 16.Kh1 Nxe4 17.Qe2 Nxg5 18.fxg5 Qxb4 19.Qh5 g6 20.Qe2 d5 21.Ne3
c5 22.Ng4 c4 23.Nh6+ Kg7 24.Qe5+ f6 25.gxf6+ Kxh6 26.Be2 Qd2 27.h4 d4 28.
Rf4 Rxf6 29.Qg5+ Kg7 30.Qxf6+ Kh6 31.Qg5+ Kg7 32.Rf7+ Kxf7 33.Qxd2 e5 34.
Bxc4+ Kg7 35.Qb4 Be4 36.Qe7+ Kh6 37.Qg5+ Kg7 38.Qxe5+ 1-0

[Event "Coupe Fede 65 -2004"]
[Site "?"]
[Date "2003.11.23"]
[Round "2"]
[White "Bildstein, Gerard"]
[Black "Thimonier, Victor"]
[Result "1-0"]
[WhiteElo "1590"]
[BlackElo "1400"]
[EventDate "2003.11.23"]
[PlyCount "93"]

1.d4 d5 2.e4 e6 3.Nc3 Nf6 4.e5 Nfd7 5.f4 c5 6.Be3 Nc6 7.Nf3 cxd4 8.Nxd4 
Bc5 9.Bb5 Qb6 10.Bxc6 bxc6 11.O-O Qxb2 12.Na4 Qb7 13.Nxc5 Nxc5 14.Qg4 g6 
15.Rab1 Qc7 16.Qh4 Ne4 17.Nf3 Qe7 18.Qxe7+ Kxe7 19.Nd2 Nxd2 20.Bxd2 Ba6 
21.Rf3 Bc4 22.a3 Rab8 23.Rxb8 Rxb8 24.Bb4+ Kd7 25.Kf2 Rb5 26.c3 c5 27.a4 
Rb7 28.Bxc5 Rb2+ 29.Kg3 a6 30.a5 Kc6 31.Bb6 Be2 32.Rf2 Kb5 33.Kh4 Kc4 34.
Bd4 h6 35.g4 Kd3 36.f5 g5+ 37.Kg3 Rb5 38.Bb6 Bd1 39.fxe6 fxe6 40.Rf6 Rb3 
41.Bd4 Rb5 42.Rxe6 Rxa5 43.Rxh6 Rb5 44.e6 Rb8 45.e7 a5 46.Rh8 a4 47.e8=Q 
1-0

[Event "Coupe Fede 65 -2004"]
[Site "?"]
[Date "2003.11.23"]
[Round "1"]
[White "Teil, Alexandre"]
[Black "Thimonier, Victor"]
[Result "0-1"]
[WhiteElo "1099"]
[BlackElo "1400"]
[EventDate "2003.11.23"]
[PlyCount "82"]

1.Nc3 e5 2.Nf3 Nc6 3.e3 Nf6 4.Bb5 d6 5.e4 a6 6.Bc4 Bg4 7.h3 Bh5 8.a4 Be7 
9.O-O O-O 10.b3 Nd4 11.Ba3 c6 12.Qe1 Bxf3 13.gxf3 Nxf3+ 14.Kg2 Nxe1+ 15.
Rfxe1 d5 16.Bd3 Bxa3 17.Rxa3 Qd6 18.Ra2 d4 19.Ne2 b5 20.Kf1 bxa4 21.bxa4 
Rab8 22.Raa1 Rb4 23.Reb1 Rxb1+ 24.Rxb1 Rb8 25.Ra1 Rb6 26.c3 dxc3 27.dxc3 
Qb8 28.Rb1 Rxb1+ 29.Bxb1 Qxb1+ 30.Kg2 Qxe4+ 31.Kf1 Qxa4 32.h4 Qd1+ 33.Kg2 
Qxe2 34.c4 a5 35.h5 a4 36.c5 a3 37.Kh3 a2 38.Kh4 a1=Q 39.f3 Qxf3 40.h6 
Qd4+ 41.Kg5 Qdg4# 0-1

[Event "Coupe Fede 65 -2004"]
[Site "?"]
[Date "2003.11.23"]
[Round "1"]
[White "Susini, Yannick"]
[Black "Ponsolle, Rene"]
[Result "1-0"]
[WhiteElo "1300"]
[BlackElo "1510"]
[EventDate "2003.11.23"]
[PlyCount "41"]

1.e4 d5 2.d4 dxe4 3.Nc3 Nf6 4.Bg5 Bg4 5.Be2 Bf5 6.f3 Nd5 7.Nxd5 Qxd5 8.Bf4
Qd8 9.fxe4 Bxe4 10.Bf3 Bxf3 11.Nxf3 e6 12.O-O c6 13.Ne5 Be7 14.c3 O-O 15.
Qg4 Kh8 16.Bh6 gxh6 17.Nxf7+ Rxf7 18.Rxf7 Bg5 19.Qe4 Qg8 20.Raf1 a6 21.
Qe5+ 1-0

[Event "Coupe Fede 65 -2004"]
[Site "?"]
[Date "2003.11.23"]
[Round "1"]
[White "Prieur, Axel"]
[Black "Thet, Sylvain"]
[Result "1/2-1/2"]
[WhiteElo "1550"]
[BlackElo "1399"]
[EventDate "2003.11.23"]
[PlyCount "105"]

1.e4 e5 2.Nf3 Nc6 3.Bb5 a6 4.Ba4 Nf6 5.O-O Bc5 6.c3 O-O 7.d3 b5 8.Bb3 h6 
9.Re1 d6 10.d4 exd4 11.cxd4 Bb6 12.Bf4 Bg4 13.d5 Nd4 14.Nbd2 Re8 15.h3 
Nxb3 16.Qxb3 Bh5 17.Nh4 Nxe4 18.Nxe4 Qxh4 19.Bg3 Qd8 20.Qc3 Bg6 21.Nd2 Qd7
22.Nf3 Be4 23.Rad1 Qf5 24.Qc6 Kf8 25.Bxd6+ cxd6 26.Qxd6+ Kg8 27.Qxb6 Bxd5 
28.Rxe8+ Rxe8 29.Nd4 Qg6 30.Qxg6 fxg6 31.Nxb5 Bxa2 32.Ra1 axb5 33.Rxa2 Re2
34.Kf1 Rc2 35.g3 b4 36.h4 b3 37.Ra6 Kh7 38.Rb6 Rxb2 39.Ke1 Rb1+ 40.Ke2 b2 
41.Kf3 g5 42.hxg5 hxg5 43.Kg4 Rf1 44.Rxb2 Kh6 45.f4 gxf4 46.Rb6+ g6 47.
gxf4 Rg1+ 48.Kf3 Kh5 49.Rb2 g5 50.Rh2+ Kg6 51.fxg5 Rxg5 52.Rg2 Rxg2 53.
Kxg2 1/2-1/2